Normal view
MARC view
- Zamboni Massimo
Entry Personal Name
001 - CONTROL NUMBER
- control field: 29010
003 - CONTROL NUMBER IDENTIFIER
- control field: IT-RoPau
005 - DATE AND TIME OF LATEST TRANSACTION
- control field: 20140612122356.0
008 - FIXED-LENGTH DATA ELEMENTS
- fixed length control field: 140612|| aca||aabn | a|a d
040 ## - CATALOGING SOURCE
- Original cataloging agency: IT-RoPau
- Transcribing agency: IT-RoPau
100 ## - HEADING--PERSONAL NAME
- Personal name: Zamboni Massimo
- Dates associated with a name: Codice autore musica SPICS: 38382
- Relator term: Autore musica
- Name of part/section of a work: Emilia paranoica: spara Juri - Mozzill'o re: Valium Tavor Serenase - Morire: madre - Depressione caspica - Maciste contro tutti: Aghia Sophia
670 ## - SOURCE DATA FOUND
- Source citation: Work cat.: (IT-RoPau)99195: AA.VV. 794, Maciste contro tutti